000 00292nam a22001337a 4500
008 170421b xxu||||| |||| 00| 0 eng d
020 _a9780314129819
041 _aeng
080 _24TH
_a573
100 _a11
101 _aSHM
245 _aHUMAN HEREDITY
_cCUMMINGS, M.R
942 _2udc
_cBK
999 _c11504
_d11504